书目信息 |
| 题名: |
Chemical safety and environmental protection
|
|
| 作者: | 朱佳媚 , 岳晓明 , 江晓凤 , 陈强 编 | |
| 分册: | ||
| 出版信息: | 徐州 中国矿业大学出版社 2021.02 |
|
| 页数: | 164页 | |
| 开本: | 26cm | |
| 丛书名: | ||
| 单 册: | ||
| 中图分类: | TQ086 , X78 | |
| 科图分类: | ||
| 主题词: | 化工安全--hua gong an quan--高等学校--教材--英文 , 化学工业--hua xue gong ye--环境保护--高等学校--教材--英文 | |
| 电子资源: | ||
| ISBN: | 978-7-5646-4974-6 | |
| 000 | 01520nam0 2200337 450 | |
| 001 | 29827 | |
| 005 | 20221116170539.07 | |
| 010 | @a978-7-5646-4974-6@dCNY28.00 | |
| 100 | @a20220321d2021 em y0chiy50 ba | |
| 101 | 0 | @aeng@gchi |
| 102 | @aCN@b320000 | |
| 105 | @aa a 000yy | |
| 200 | 1 | @aChemical safety and environmental protection@f朱佳媚 ... [等] 编 |
| 210 | @a徐州@c中国矿业大学出版社@d2021.02 | |
| 215 | @a164页@c图@d26cm | |
| 300 | @a中国矿业大学卓越化工工程师教材 中国矿业大学“十三五”品牌专业建设工程资助 | |
| 304 | @a题名页题其余责任者: 岳晓明, 江晓凤, 陈强 | |
| 312 | @a中文题名取自封面 | |
| 320 | @a有书目 (第161-164页) | |
| 330 | @a本书分为化工安全与环保两部分。第一部分化工安全 (共4章) , 主要介绍化工安全有关的政策和法规、危险化学品的物质性质与安全、火灾与爆炸、防火防爆安全技术、有毒有害物质及其防控技术、化工重大生产安全事故案例分析等内容。第二部分环保部分 (共6章) , 主要介绍环境科学和环境保护、环境工程和环境问题、化工清洁生产过程、化工行业的废水处理技术、废气处理技术、废渣的污染控制及资源化技术、化学品突发环境事件案例分析等内容。 | |
| 510 | 1 | @a化工安全与环保@zchi |
| 606 | 0 | @a化工安全@Ahua gong an quan@x高等学校@j教材@x英文 |
| 606 | 0 | @a化学工业@Ahua xue gong ye@x环境保护@x高等学校@j教材@x英文 |
| 690 | @aTQ086@v5 | |
| 690 | @aX78@v5 | |
| 701 | 0 | @a朱佳媚@Azhu jia mei@4编 |
| 701 | 0 | @a岳晓明@Ayue xiao ming@4编 |
| 701 | 0 | @a江晓凤@Ajiang xiao feng@4编 |
| 701 | 0 | @a陈强@Achen qiang@4编 |
| 801 | 0 | @aCN@c20220910 |
| 905 | @a河南城建学院图书馆@dTQ086@eZ854@f1 | |
| Chemical safety and environmental protection/朱佳媚 ... [等] 编.-徐州:中国矿业大学出版社,2021.02 |
| 164页:图;26cm |
| 中国矿业大学卓越化工工程师教材 中国矿业大学“十三五”品牌专业建设工程资助 |
| ISBN 978-7-5646-4974-6:CNY28.00 |
| 本书分为化工安全与环保两部分。第一部分化工安全 (共4章) , 主要介绍化工安全有关的政策和法规、危险化学品的物质性质与安全、火灾与爆炸、防火防爆安全技术、有毒有害物质及其防控技术、化工重大生产安全事故案例分析等内容。第二部分环保部分 (共6章) , 主要介绍环境科学和环境保护、环境工程和环境问题、化工清洁生产过程、化工行业的废水处理技术、废气处理技术、废渣的污染控制及资源化技术、化学品突发环境事件案例分析等内容。 |
| ● |
| 相关链接 |
|
|
|
正题名:Chemical safety and environmental protec
索取号:TQ086/Z854
 
预约/预借
| 序号 | 登录号 | 条形码 | 馆藏地/架位号 | 状态 | 备注 |
| 1 | 1583867 | 215838672 | 自科库501/501自科库 139排3列3层/ [索取号:TQ086/Z854] | 在馆 |